00205nam a2200085Ia 450000500170000000800410001724500340005826000100009299900170010220250523150954.0250523s9999 xx 000 0 und d 0aDokuz KehanetcJames Redfield bALTIN c11920d11920